Michael Jackson – all the songs - Statistics

General Stats
  • This quiz has been taken 895 times
    731 since last reset
  • The average score is 55 of 180
Answer Stats
Tytuł % Correct
Thriller
96%
Bad
90%
Billie Jean
89%
Beat It
87%
Smooth Criminal
83%
Dangerous
78%
Off The Wall
77%
Dirty Diana
75%
Black Or White
71%
Man In The Mirror
71%
Earth Song
70%
Human Nature
69%
Rock With You
69%
Ben
68%
They Don't Care About Us
67%
The Way You Make Me Feel
66%
P.Y.T. (Pretty Young Thing)
65%
Remember The Time
65%
Wanna Be Startin' Somethin'
65%
Don't Stop 'Til You Get Enough
61%
Blood On The Dance Floor
60%
Chicago
60%
Invincible
60%
Heal The World
59%
Scream
58%
You Rock My World
58%
Liberian Girl
57%
The Girl Is Mine
57%
This Is It
57%
Jam
56%
Got To Be There
54%
In The Closet
54%
Speed Demon
54%
Leave Me Alone
52%
Baby Be Mine
51%
You Are Not Alone
50%
Somebody's Watching Me
48%
Who Is It
48%
Xscape
48%
The Lady In My Life
47%
Ghosts
46%
History
46%
Stranger In Moscow
46%
Another Part Of Me
45%
I Just Can't Stop Loving You
45%
Love Never Felt So Good
43%
Heaven Can Wait
42%
Say Say Say
41%
She's Out Of My Life
41%
Unbreakable
40%
Butterflies
39%
Music And Me
39%
Will You Be There
39%
Girlfriend
38%
Give In To Me
38%
Workin' Day And Night
38%
2 Bad
37%
Childhood
37%
Just Good Friends
37%
Why
35%
2000 Watts
34%
Burn This Disco Out
34%
Cry
34%
Money
34%
We Are The World
34%
Break Of Dawn
33%
Slave To The Rhythm
33%
Tabloid Junkie
32%
Come Together
31%
D.S.
31%
Gone Too Soon
31%
Why You Wanna Trip On Me
31%
A Place With No Name
30%
Blue Gangsta
30%
Get On The Floor
30%
Hollywood Tonight
30%
I Can't Help It
30%
Keep The Faith
30%
Morphine
30%
Heartbreaker
29%
She Drives Me Wild
29%
Speechless
29%
Whatever Happens
29%
Little Susie
28%
Rockin' Robin
28%
Is It Scary
27%
Smile
27%
Al Capone
26%
Do You Know Where Your Children Are
26%
Hold My Hand
26%
One More Chance
26%
Farewell My Summer Love
25%
It's The Falling In Love
25%
Threatened
25%
Can't Let Her Get Away
24%
Carousel
24%
Loving You
24%
Streetwalker
24%
Superfly Sister
24%
Privacy
23%
Starlight
23%
The Lost Children
23%
This Time Around
23%
You Are My Life
21%
Behind The Mask
20%
Best Of Joy
18%
Don't Walk Away
18%
Fly Away
18%
Sunset Driver
18%
Ease On Down The Road
17%
Free
17%
I'm So Blue
17%
For All Time
16%
(I Like) The Way You Love Me
16%
Price Of Fame
16%
Song Groove (AKA Abortion Papers)
16%
Ain't No Sunshine
15%
Dear Michael
15%
I Wanna Be Where You Are
15%
Much Too Soon
15%
One Day In Your Life
15%
Someone In The Dark
15%
Maria (You Were The Only One)
14%
My Girl
14%
You Can't Win
14%
(I Can't Make It) Another Day
13%
The Toy
13%
Don't Be Messin' Round
12%
Got The Hots
12%
Happy
12%
Monkey Business
12%
Shout
12%
We've Had Enough
11%
Wings Of My Love
11%
With A Child's Heart
11%
Can't Get Outta the Rain
10%
Cheater
10%
Dapper Dan
10%
Euphoria
10%
She's Trouble
10%
Shoo-Be-Doo-Be-Doo-Da-Day
10%
Someone Put Your Hand Out
10%
The Way You Love Me
10%
What A Lovely Way To Go
10%
Whatzupwitu
10%
Who Do You Know
10%
You've Got A Friend
10%
Greatest Show On Earth
9%
In Our Small Way
9%
Morning Glow
9%
Up Again
9%
Doggin' Around
8%
Fall Again
8%
Johnny Raven
8%
Love Is Here And Now You're Gone
8%
People Make The World Go Round
8%
Take Me Back
8%
We're Almost There
8%
We've Got A Good Thing Going
8%
You Can Cry On My Shoulder
8%
A Brand New Day
7%
All The Things You Are
7%
Beautiful Girl
7%
Cinderella Stay Awhile
7%
Everybody's Somebody's Fool
7%
Girl Don't Take Your Love From Me
7%
Just A Little Bit Of You
7%
On The Line
7%
Too Young
7%
We Are Here To Change The World
7%
What Goes Around Comes Around
7%
I'll Come Home To You
6%
In The Back
6%
Scared Of The Moon
6%
What More Can I Give
6%
You Are There
6%
Girl You're So Together
5%
We've Got Forever
5%
No matching quizzes found
Score Distribution
Percent of People with Each Score
Percentile by Number Answered
Your Score History
You have not taken this quiz since the last reset